000 00852nam a2200265 a 4500
008
020 _a0521778484 (pbk.)
049 _aMAIN
090 0 0 _aTS171
_bKRO
100 1 _aKroll, Ehud.
245 1 0 _aInnovative conceptual design :
_btheory and application of parameter analysis /
_cEhud Kroll, Sridhar S. Condoor, David G. Jansson.
260 _aCambridge :
_bCambridge University Press,
_c2001.
300 _axiv, 232 p. :
_bill. ;
_c24 cm.
504 _aIncludes bibliographical references.
500 _aIncludes index.
650 0 _aDesign, Industrial.
650 0 _aEngineering design.
700 1 _aCondoor, Sridhar S.
700 1 _aJansson, David G.
907 _a.b10099177
_b24-04-12
_c01-12-03
003
005 20230123133526.0
040 _cNUST
942 _cBOOKS
_kTS171
_mKRO
999 _c150097
_d150097